Thị Trường chứng khoán phương thức hoạt động và kinh doanh

Zapisane w:
Opis bibliograficzny
1. autor: Pts.Nguyễn Trần Quế
Format: Książka
Język:Vietnamese
Wydane: TKE 1996
Etykiety: Dodaj etykietę
Nie ma etykietki, Dołącz pierwszą etykiete!
Thư viện lưu trữ: Mạng thư viện Đại học Đà Nẵng
LEADER 00670nam a2200277 4500
001 000025991
003 1530
005 20150325120000.0
008 150325s vm 000 vie
020 |c 0,0000 
040 |a NOTTS 
100 |a Pts.Nguyễn Trần Quế 
245 |a Thị Trường chứng khoán phương thức hoạt động và kinh doanh 
260 |b TKE  |c 1996 
300 |a 311tr. ; 
OWN |a LTT 
999 |a From the UDN01 
TYP |a Monograph 
TYP |a Printed language 
980 |a Mạng thư viện Đại học Đà Nẵng